000 00643nam a2200193Ia 4500
003 GCL
008 140319s9999 xx 000 0 ara d
040 _aGCL /
_cGCL
082 0 4 _a149
_bد ت
100 1 _aدولسكى ، بوكدان سيشو
245 1 0 _aالتربية والتياراتالفلسفية الكبرى :
_bتربية الماهية والوجود /
_cدولسكى ، بوكدان سيشو
260 _aبيروت :
_bدار الفكر اللبنانى ،
_c1992
300 _a195 ص ؛
_c24 سم
490 _a
650 0 4 _aالفلسفة
650 0 4 _aالتربية
650 0 4 _aنظريات
942 _2ddc
_cBK
999 _c55107
_d55107